Central Library OPAC University of Rajshahi

Micro credit, myth manufactured : (Record no. 127)

MARC details
000 -LEADER
fixed length control field 01067nam a2200301 a 4500
001 - CONTROL NUMBER
control field 127
003 - CONTROL NUMBER IDENTIFIER
rucl marc code BD-RjUL
005 - DATE AND TIME OF LATEST TRANSACTION
control field 20211208233123.0
008 - FIXED-LENGTH DATA ELEMENTS--GENERAL INFORMATION
fixed length control field 150128s2007 bg b 001 0 eng
020 ## - INTERNATIONAL STANDARD BOOK NUMBER
International Standard Book Number 9847008800031
035 ## - SYSTEM CONTROL NUMBER
System control number (BD-RjUL)139
040 ## - CATALOGING SOURCE
Original cataloging agency DLC
Transcribing agency DLC
Language of cataloging eng
Modifying agency BD-RjUL
041 ## - LANGUAGE CODE
Language code of text/sound track or separate title eng
082 ## - DEWEY DECIMAL CLASSIFICATION NUMBER
Edition number 22
Classification number 332
Author mark and year MIC
245 00 - TITLE STATEMENT
Title Micro credit, myth manufactured :
Remainder of title unveiling appropriation of surplus value and an icon /
Statement of responsibility, etc. edited by Farooque Chowdhury ; [preface by Doug Henwood].
260 ## - PUBLICATION, DISTRIBUTION, ETC. (IMPRINT)
Place of publication, distribution, etc. Dhaka :
Name of publisher, distributor, etc. Shrabon Prokashani,
Date of publication, distribution, etc. c2007 [printing 2010]
300 ## - PHYSICAL DESCRIPTION
Pagination 266 p. ;
Size 22 cm.
504 ## - BIBLIOGRAPHY, ETC. NOTE
Bibliography, etc Includes bibliographical references and index.
520 ## - SUMMARY, ETC.
Summary, etc. Contributed articles on microfinance in Bangladesh and criticism about the Grameen Bank.
600 10 - SUBJECT ADDED ENTRY--PERSONAL NAME
Personal name Yunus, Muhammad,
Dates associated with a name 1940-
610 20 - SUBJECT ADDED ENTRY--CORPORATE NAME
Corporate name or jurisdiction name as entry element Grameen Bank
650 #0 - SUBJECT ADDED ENTRY--TOPICAL TERM
Topical term or geographic name as entry element Microfinance
Geographic subdivision Bangladesh.
9 (RLIN) 115498
Topical term or geographic name as entry element Poverty
Geographic subdivision Bangladesh.
9 (RLIN) 115499
700 1# - ADDED ENTRY--PERSONAL NAME
Personal name Chowdhury, Farooque.
942 ## - ADDED ENTRY ELEMENTS (KOHA)
Source of classification or shelving scheme Dewey Decimal Classification
Koha item type Books
Holdings
Lost status Source of classification or shelving scheme Damaged status Not for loan Collection code Permanent Location Current Location Shelving location Date acquired Source of acquisition Cost, normal purchase price Total Checkouts Full call number Date last seen Copy number Koha item type
  Dewey Decimal Classification   Not For Loan Non-fiction Central Library, University of Rajshahi Central Library, University of Rajshahi Reading Room 23/07/2014 Chittagong, Battighar 375.00   332 MIC 2010 28/01/2015 C-1 Books